Statistics for Hard Tds Quiz

Click here to take the quiz!

General Stats

  • This quiz has been taken 20 times
  • The average score is 11 of 13

Answer Stats

QuestionAnswer% Correct
Are There Emotes ?Yes
100%
How Many Waves Are In The Hardcore?50
95%
What's The Name Of The Creator Of TDS?BelowNatural
95%
Which Towers Got Plushie Skins?Engineer,Accelerator,Scout,Dj Booth,,Minigunner,Commander
95%
Who Is On Wave 30 In Fallen?Tank
90%
What are Names of The Rarest Towers?War Machine,Mecha Base
90%
I There Enemy Called "Outlaw"?No
85%
What Is The First Event Ever?SFOTH
80%
How Much HP Does Mutated Boss Have?500
75%
Is There A Skincrate Called Platinum?Got Deleted
75%
What's The Hardest Boss?Nuclear Monster
75%
What Is The Best Starter Tower?Gladiator
65%
In Which Mode Are Bolts?Normal
60%

Score Distribution

Percentile by Number Answered

Percent of People with Each Score

Your Score History

You have not taken this quiz